[Event "Campo Grande Sul Mato op"]
[Site "Campo Grande"]
[Date "2015.09.05"]
[Round "1"]
[White "Isabeli, Hikari Nishimoto Sh"]
[Black "Mendes, Yendor Cezarino"]
[Result "0-1"]
[WhiteElo "1800"]
[BlackElo "1891"]
[PlyCount "22"]
[EventDate "2015.09.05"]
[EventType "swiss"]
[EventRounds "6"]
[EventCountry "BRA"]
[SourceTitle "EXT 2016"]
[Source "ChessBase"]
[SourceDate "2015.10.08"]
[SourceVersion "1"]
[SourceVersionDate "2015.10.08"]
[SourceQuality "1"]

1. h4 e5 2. Nh3 d5 3. g4 Bc5 4. Bg2 Qf6 5. 0-0 Bxg4 6. Re1 Qxh4 7. Rf1 Bxh3 8. Bxh3 Qxh3 9. Na3 Nf6 10. b4 Ng4 11. Bb2 Qh2# 0-1